Biodegradácia perzistentných organických polutantov: Biodegradácia, sorpcia a toxicita chlórfenolov

Na minha lista:
Detalhes bibliográficos
Autor principal: Sejáková, Zuzana
Formato: Livro
Idioma:eslovaco
Publicado em: Bratislava STU FCHPT 2008
Acesso em linha:View in OPAC
Tags: Adicionar Tag
Sem tags, seja o primeiro a adicionar uma tag!

MARC

LEADER 00000nam a2200000 a 4500
005 20260127133944.0
008 081028 2008 xo 000 0 slo d
035 |a vtls009353708 
039 9 |y 200810280731  |z mschk03 
040 |a STUSCHK1  |b slo  |c STUSCHK1  |e AACR2 
100 1 |a Sejáková, Zuzana 
245 1 |a Biodegradácia perzistentných organických polutantov: Biodegradácia, sorpcia a toxicita chlórfenolov  |c Zuzana Sejáková 
260 |a Bratislava  |b STU FCHPT  |c 2008 
300 |a 59 s.  |b il.  |c 30 cm + príloha 
500 |a Obháj.: 8.10. 2008 
910 |a SCHK95 
999 |c 838  |d 838